000 00733nam a2200289Ia 4500
005 20260324143810.0
008 008 260324s9999 xx 000 0 eng d
020 _a9781315807560
037 _aEBOOK
040 _aCRL
040 _beng
040 _cCRL
041 _2eng
041 _aeng
084 _qCRL
100 _aMichael J. Pazzani
_91216966
245 0 _aCreating A Memory of Causal Relationships
245 3 _bAn Integration of Empirical and Explanation-based Learning Methods
260 _bTaylor and Francis
260 _c1990
365 _a
365 _b59.99
856 _uhttp://www.taylorfrancis.com/books/9781315807560
942 _cEBOOK
999 _c1822796
_d1822796